000 00690nam a2200205 a 4500
001 000026398
005 20200930030213.0
008 110316s1990 cu r 000 0 spa d
040 _aDO-SdBNP
_bspa
_cBNPHU
082 _axxx
_bG643c
100 1 _aGonzález Valdés, América
_953436
245 1 0 _aCómo propiciar la creatividad /
_cAmérica González Valdés ; edición Liliana Martínez Pérez.
260 _aLa Habana :
_bEditorial de Ciencias Sociales,
_c1990.
300 _a133 p. ;
_c19 cm.
490 1 _aCiencias sociales
504 _aIncluye bibliografía (p. 131-133)
700 1 _aMartínez Pérez, Liliana
_eed.
_934075
830 0 _aCiencias sociales
_913247
049 _aBNGR
999 _c25890
_d25890